000 00655nam a2200229 a 4500
999 _c3747
_d3747
001 3747
003 BD-JhCC
005 20171118093235.0
008 171118s1967 bg a|||| ||a| 001 0 ben d
020 _a9844460158
035 _a(BD-JhCC)3747
040 _aBD-JhCC
_dBD-JhCC
041 _aben
082 _a923.1
_b MAM 1967
100 _aমামুন, হায়াৎ
245 _aরবীন্দ্রনাথ : কিশোর জীবনী /
_cহায়াৎ মামুন
260 _aঢাকা :
_bপ্রতীক,
_c1967.
300 _a92 p. :
_c21 cm.
650 _aBiography
942 _2ddc
_cBK